[Event "5th Budapest Open"]
[Site "Budapest"]
[Date "2015.08.22"]
[Round "8.22"]
[White "Bellan, Istvan"]
[Black "Szurkos, Andras"]
[Result "0-1"]
[WhiteElo "1848"]
[BlackElo "1807"]
[PlyCount "64"]
[EventDate "2014.08.15"]
[EventType "swiss"]
[EventRounds "9"]
[EventCountry "HUN"]

1. e4 e6 2. d4 d5 3. exd5 exd5 4. Nc3 c5 5. Bb5+ Bd7 6. Qe2+ Be7 7. dxc5 Nf6 8.
Nf3 O-O 9. Bxd7 Nbxd7 10. Be3 Re8 11. O-O Bxc5 12. Qd2 Bxe3 13. fxe3 Qb6 14.
Nd4 Rac8 15. a3 Nc5 16. Qf2 Re5 17. b4 Ne6 18. Na4 Qc7 19. h3 Ne4 20. Qe1 b6
21. Rc1 Qd7 22. Nf3 Rh5 23. Nb2 N6g5 24. Nxg5 Rxg5 25. Rf3 h6 26. Nd3 Rc3 27.
Qh4 Qc8 28. Ne1 Rc4 29. Rf4 Rc3 30. Nf3 Rxc2 31. Rxc2 Qxc2 32. Nxg5 hxg5 0-1

[Event "5th Budapest Open"]
[Site "Budapest"]
[Date "2015.08.22"]
[Round "8.23"]
[White "Liptak, Tibor"]
[Black "Gombocz, Ferenc Jr"]
[Result "0-1"]
[WhiteElo "1833"]
[BlackElo "1637"]
[PlyCount "116"]
[EventDate "2014.08.15"]
[EventType "swiss"]
[EventRounds "9"]
[EventCountry "HUN"]

1. e4 e5 2. d4 exd4 3. Nf3 Bc5 4. Nxd4 d6 5. Be2 Nf6 6. Nc3 Bd7 7. O-O Nc6 8.
Be3 Bb4 9. Nd5 Bc5 10. Nb5 Nxd5 11. Bxc5 Nf6 12. Bxd6 cxd6 13. Qxd6 Rc8 14. Qa3
Nxe4 15. Bf3 a6 16. Rfe1 axb5 17. Bxe4 Be6 18. Rad1 Qe7 19. Qd3 g6 20. Qxb5 O-O
21. Re3 Rfd8 22. Rde1 Qb4 23. Bxc6 Qxb5 24. Bxb5 Rxc2 25. R3e2 Rdd2 26. h3 Rxb2
27. a4 Kf8 28. Rxd2 Rxd2 29. Rc1 Rd6 30. Rc7 Bd5 31. g4 g5 32. Rc3 Be4 33. f3
Rd1+ 34. Kf2 Bd5 35. Ke3 h6 36. f4 Kg7 37. Be2 Rb1 38. Kd4 Bc6 39. fxg5 hxg5
40. Rc5 f6 41. Bb5 Bg2 42. Rc7+ Kf8 43. Kc5 Rc1+ 44. Kd6 Rxc7 45. Kxc7 Bxh3 46.
Kxb7 Bxg4 47. a5 Bf3+ 48. Kc7 g4 49. a6 g3 50. a7 Ba8 51. Bc6 g2 52. Bxa8 g1=Q
53. Kb8 Qg3+ 54. Kb7 Qd6 55. Kc8 Qe6+ 56. Kc7 Qe7+ 57. Kb6 Qd8+ 58. Kb7 f5 0-1

[Event "5th Budapest Open"]
[Site "Budapest"]
[Date "2015.08.22"]
[Round "8.24"]
[White "Ronyai, Imre"]
[Black "Rinyu, Janos"]
[Result "1-0"]
[WhiteElo "1549"]
[BlackElo "1845"]
[PlyCount "89"]
[EventDate "2014.08.15"]
[EventType "swiss"]
[EventRounds "9"]
[EventCountry "HUN"]

1. e4 b6 2. d4 Bb7 3. Nc3 e6 4. Nf3 Bb4 5. Bd3 Nf6 6. Qe2 d5 7. e5 Ne4 8. Bd2
Nxd2 9. Qxd2 Ba6 10. O-O O-O 11. a3 Be7 12. Bxa6 Nxa6 13. Ne2 c5 14. c3 Nb8 15.
h3 Nc6 16. Nh2 Na5 17. Qd1 cxd4 18. Nxd4 Nc4 19. Qe2 Qc7 20. f4 a6 21. Nhf3 b5
22. g4 Bc5 23. Kh1 Rab8 24. b3 Nb6 25. Qd3 Rbc8 26. Ng5 g6 27. Qg3 Bxd4 28.
cxd4 h6 29. Nf3 Qc2 30. Rae1 Qxb3 31. f5 Rc3 32. Re2 Rfc8 33. fxe6 fxe6 34. Kg2
Rc2 35. Ref2 Rxf2+ 36. Rxf2 g5 37. h4 Kg7 38. hxg5 hxg5 39. Nxg5 Qxg3+ 40. Kxg3
Rc3+ 41. Kh4 Rc6 42. Kh5 Nc4 43. Rf7+ Kg8 44. Kg6 Ne3 45. Nh7 1-0

[Event "5th Budapest Open"]
[Site "Budapest"]
[Date "2015.08.22"]
[Round "8.25"]
[White "Rajcsanyi, Peter"]
[Black "Kanizaj, Benjamin"]
[Result "1/2-1/2"]
[WhiteElo "1820"]
[BlackElo "1662"]
[PlyCount "118"]
[EventDate "2014.08.15"]
[EventType "swiss"]
[EventRounds "9"]
[EventCountry "HUN"]

1. e4 c5 2. Nf3 d6 3. d4 cxd4 4. Nxd4 Nf6 5. Nc3 e6 6. f4 a6 7. Be3 Nbd7 8. Be2
b5 9. Bf3 Bb7 10. e5 Bxf3 11. Nxf3 Ng4 12. Bd4 d5 13. h3 Nh6 14. g4 Be7 15. O-O
Qc7 16. Ne2 Rc8 17. c3 O-O 18. Ng3 Bc5 19. Qe2 Rfe8 20. Rae1 Bxd4+ 21. Nxd4 Kh8
22. Kh2 Qc4 23. Qxc4 bxc4 24. Re2 Rb8 25. Rb1 Rb6 26. b4 cxb3 27. axb3 Rc8 28.
Re3 Nb8 29. Kg2 Nc6 30. Nxc6 Rbxc6 31. Ne2 Ng8 32. Nd4 Rb6 33. b4 Ne7 34. b5
Rc5 35. Ra1 axb5 36. Ra7 Ng8 37. Rxf7 b4 38. cxb4 Rc4 39. Nxe6 Rxe6 40. f5 Re8
41. g5 d4 42. Re4 Rxb4 43. f6 gxf6 44. g6 Ne7 45. exf6 Rb2+ 46. Kf3 Rb3+ 47.
Kg4 h5+ 48. Kxh5 Rxh3+ 49. Kg4 Rh4+ 50. Kxh4 Nxg6+ 51. Kg5 Rxe4 52. Kxg6 Rg4+
53. Kf5 Rg1 54. Rd7 Kg8 55. Ke5 Re1+ 56. Kf5 Rf1+ 57. Ke5 Re1+ 58. Kd6 d3 59.
Kc7 d2 1/2-1/2

[Event "5th Budapest Open"]
[Site "Budapest"]
[Date "2015.08.22"]
[Round "8.26"]
[White "Sulyok, Eszter"]
[Black "Abraham, Lajos"]
[Result "0-1"]
[WhiteElo "1324"]
[BlackElo "1781"]
[PlyCount "58"]
[EventDate "2014.08.15"]
[EventType "swiss"]
[EventRounds "9"]
[EventCountry "HUN"]

1. d4 Nf6 2. Nf3 b6 3. Bf4 e6 4. e3 Bb7 5. Nbd2 Nh5 6. Bg5 Be7 7. Bxe7 Qxe7 8.
Bd3 Qb4 9. Rb1 Qa5 10. a3 Nf6 11. O-O Qh5 12. Be2 d6 13. Ne5 Qh6 14. Nef3 Nbd7
15. b4 g5 16. c4 Rg8 17. Ne1 g4 18. Qb3 Nh5 19. f3 gxf3 20. Bxf3 Bxf3 21. Nexf3
Ke7 22. d5 Ndf6 23. dxe6 fxe6 24. Qc3 Rg6 25. c5 Nd5 26. cxd6+ cxd6 27. Qd3
Nxe3 28. Rf2 Nf4 29. Qc3 Nh3+ 0-1

[Event "5th Budapest Open"]
[Site "Budapest"]
[Date "2015.08.28"]
[Round "8.28"]
[White "Bartok, David Dominik"]
[Black "Papp, Andrea"]
[Result "1-0"]
[WhiteElo "1610"]
[BlackElo "1601"]
[PlyCount "107"]
[EventDate "2014.08.15"]
[EventType "swiss"]
[EventRounds "9"]
[EventCountry "HUN"]

1. e4 d6 2. d4 e5 3. Nf3 exd4 4. Nxd4 Nf6 5. Nc3 Be7 6. Bc4 O-O 7. O-O a6 8. a3
b5 9. Be2 Bb7 10. Bf3 Nbd7 11. Nf5 Ne5 12. Re1 Re8 13. Bg5 Bf8 14. Nd5 Bxd5 15.
exd5 Qd7 16. Nh6+ Kh8 17. Bxf6 gxf6 18. Ng4 Bg7 19. Nxe5 Rxe5 20. Rxe5 fxe5 21.
Be2 e4 22. Rb1 Qf5 23. c4 bxc4 24. Bxc4 e3 25. fxe3 Qe4 26. Qd3 Re8 27. Qxe4
Rxe4 28. Bxa6 Rxe3 29. b3 Rc3 30. Bc4 Bd4+ 31. Kh1 Bc5 32. a4 Bb6 33. h3 Kg7
34. Ra1 Ba5 35. Rf1 Kg6 36. Rf3 Rc1+ 37. Kh2 Bc3 38. Rf1 Be5+ 39. Kh1 Rc3 40.
a5 f5 41. a6 Rc2 42. Bd3 Rd2 43. Bxf5+ Kg5 44. Bd3 h5 45. Bb5 Ra2 46. Rc1 Ra3
47. Ba4 Bd4 48. g3 h4 49. gxh4+ Kxh4 50. Kg2 Bb6 51. Rc2 Ra1 52. Rc4+ Kg5 53.
Kf3 Kf5 54. Rc6 1-0

[Event "5th Budapest Open"]
[Site "Budapest"]
[Date "2015.08.29"]
[Round "8.29"]
[White "Bolyki, Istvan"]
[Black "Karacsonyi, Kata"]
[Result "1-0"]
[WhiteElo "1394"]
[BlackElo "1461"]
[PlyCount "103"]
[EventDate "2014.08.15"]
[EventType "swiss"]
[EventRounds "9"]
[EventCountry "HUN"]

1. d4 f5 2. g3 Nf6 3. Bg2 g6 4. Nf3 Bg7 5. O-O O-O 6. c4 e6 7. Nc3 d6 8. e3 Qe7
9. Qc2 e5 10. dxe5 dxe5 11. Rd1 Nc6 12. b3 Be6 13. Bb2 Rfd8 14. Rxd8+ Rxd8 15.
Rd1 Nb4 16. Rxd8+ Qxd8 17. Qd2 Qxd2 18. Nxd2 e4 19. f3 exf3 20. Bxf3 Bh6 21.
Nd1 Nd7 22. Bxb7 Nc2 23. Kf2 Nc5 24. Bf3 Nd3+ 25. Ke2 Nxb2 26. Nxb2 Nxe3 27.
Nd3 Nc2 28. Nf4 Bxf4 29. gxf4 Nb4 30. a3 Nc2 31. a4 Kf7 32. Kd3 Nb4+ 33. Kd4
Kf6 34. h4 c5+ 35. Kxc5 Nd3+ 36. Kb5 Nxf4 37. Ka6 Nd3 38. Kxa7 Nb4 39. a5 Bc8
40. Kb6 h6 41. Bb7 Bd7 42. a6 Nxa6 43. Bxa6 g5 44. hxg5+ hxg5 45. c5 g4 46. c6
Be6 47. c7 Kg5 48. c8=Q Bxc8 49. Bxc8 Kf4 50. Nf1 Kg5 51. Ne3 f4 52. Nxg4 1-0

[Event "5th Budapest Open"]
[Site "Budapest"]
[Date "2015.08.22"]
[Round "8.30"]
[White "Bangha, Otto Peter"]
[Black "Karacsonyi, Luca"]
[Result "1-0"]
[WhiteElo "1427"]
[BlackElo "1115"]
[PlyCount "57"]
[EventDate "2014.08.15"]
[EventType "swiss"]
[EventRounds "9"]
[EventCountry "HUN"]

1. e4 c5 2. Nf3 d6 3. d4 cxd4 4. Nxd4 Nf6 5. Nc3 g6 6. Be3 Bg7 7. Bc4 O-O 8. h3
Nc6 9. Bb3 Bd7 10. Qd2 Rc8 11. O-O Ne5 12. Qe2 a6 13. f4 Nc6 14. Qf2 b5 15. a3
Nxd4 16. Bxd4 a5 17. Bb6 Qe8 18. Bxa5 e5 19. Bb4 Qe7 20. Rad1 exf4 21. Qxf4 Nh5
22. Qxd6 Qxd6 23. Bxd6 Rfd8 24. Be7 Bh6 25. Rd3 Kh8 26. Bxd8 Rxd8 27. Rxf7 Nf4
28. Rdxd7 Re8 29. Rxh7# 1-0

[Event "5th Budapest Open"]
[Site "Budapest"]
[Date "2015.08.23"]
[Round "9.1"]
[White "Farago, Sandor"]
[Black "Meszaros, Andras"]
[Result "1-0"]
[WhiteElo "2256"]
[BlackElo "2246"]
[PlyCount "113"]
[EventDate "2014.08.15"]
[EventType "swiss"]
[EventRounds "9"]
[EventCountry "HUN"]

1. e4 e5 2. Nf3 Nc6 3. Bb5 Nge7 4. c3 g6 5. d4 exd4 6. cxd4 d5 7. Bg5 dxe4 8.
Ne5 Qd6 9. Nc3 f5 10. Nc4 Qd8 11. d5 a6 12. dxc6 Qxd1+ 13. Rxd1 axb5 14. Nxb5
Rxa2 15. Nxc7+ Kf7 16. Nd6+ Kg8 17. Nxc8 Nxc6 18. O-O Bg7 19. Ne8 Be5 20. Rd7
h6 21. Bf6 Rh7 22. Bxe5 Rxd7 23. Nf6+ Kf7 24. Nxd7 Ke6 25. Bc3 Kxd7 26. Nb6+
Ke6 27. f3 Ra6 28. Nc4 b5 29. Nd2 Kf7 30. Nb3 e3 31. f4 b4 32. Bd4 Nxd4 33.
Nxd4 Rd6 34. Nf3 Ke6 35. Re1 Rd3 36. Ne5 Rb3 37. Nc4 Kd5 38. Nxe3+ Ke4 39. Nc4+
Kxf4 40. Re6 Kg5 41. Kf2 f4 42. Rd6 Kf5 43. Rd2 g5 44. h3 h5 45. Rd5+ Kg6 46.
Ne5+ Kf5 47. Nf7+ Kf6 48. Nxg5 Rxb2+ 49. Kf3 b3 50. Ne4+ Kg6 51. Rg5+ Kh6 52.
Rb5 h4 53. Nc5 Rc2 54. Nxb3 Rc3+ 55. Kf2 Rc2+ 56. Kg1 Rb2 57. Nd4 1-0

[Event "5th Budapest Open"]
[Site "Budapest"]
[Date "2015.08.23"]
[Round "9.2"]
[White "Polyik, Peter"]
[Black "Juhasz, Bela"]
[Result "1/2-1/2"]
[WhiteElo "2178"]
[BlackElo "2134"]
[PlyCount "54"]
[EventDate "2014.08.15"]
[EventType "swiss"]
[EventRounds "9"]
[EventCountry "HUN"]

1. d4 Nf6 2. c4 e6 3. Nf3 b6 4. g3 Bb7 5. Bg2 Be7 6. O-O O-O 7. Nc3 Ne4 8. Qc2
Nxc3 9. Qxc3 f5 10. h4 Bf6 11. Bf4 d6 12. Qb3 Qe7 13. c5 dxc5 14. Ng5 Bxg2 15.
Kxg2 Bxg5 16. Bxg5 Qf7 17. dxc5 Nd7 18. cxb6 axb6 19. Qc2 Rac8 20. e4 h6 21.
Be3 Ne5 22. f4 Ng4 23. Bd4 c5 24. Bg1 Qb7 25. Kh3 h5 26. exf5 exf5 27. Qg2
Qxg2+ 1/2-1/2

[Event "5th Budapest Open"]
[Site "Budapest"]
[Date "2015.08.23"]
[Round "9.3"]
[White "Erdos, Boglarka"]
[Black "Kokeny, Norbert Adrian"]
[Result "1/2-1/2"]
[WhiteElo "2175"]
[BlackElo "2123"]
[PlyCount "29"]
[EventDate "2014.08.15"]
[EventType "swiss"]
[EventRounds "9"]
[EventCountry "HUN"]

1. Nf3 c5 2. g3 Nc6 3. Bg2 g6 4. O-O Bg7 5. c4 d6 6. Nc3 Nf6 7. a3 Bf5 8. d3
Qd7 9. Rb1 Bh3 10. b4 Bxg2 11. Kxg2 b6 12. b5 Na5 13. Bb2 O-O 14. Qd2 d5 15.
cxd5 1/2-1/2

[Event "5th Budapest Open"]
[Site "Budapest"]
[Date "2015.08.23"]
[Round "9.4"]
[White "Kormos, Adam"]
[Black "Kovacs, Istvan"]
[Result "0-1"]
[WhiteElo "2109"]
[BlackElo "2147"]
[PlyCount "80"]
[EventDate "2014.08.15"]
[EventType "swiss"]
[EventRounds "9"]
[EventCountry "HUN"]

1. e4 c5 2. Nf3 e6 3. d4 cxd4 4. Nxd4 Nf6 5. Nc3 d6 6. Be3 Be7 7. Qf3 a6 8. g4
Nfd7 9. O-O-O Qc7 10. Bf4 Ne5 11. Qe2 Nbd7 12. Bg3 b5 13. f4 Nc4 14. Ndxb5 axb5
15. Nxb5 Qb6 16. Qxc4 O-O 17. Kb1 Bb7 18. Nc3 Rfc8 19. Qb3 Qa5 20. Qb5 Qc7 21.
Rd4 Ba6 22. Qxa6 Rxa6 23. Bxa6 Rb8 24. Rc4 Qa5 25. Rc6 Nc5 26. Bc4 Qb4 27. Bb3
Nxe4 28. Re1 Qb7 29. Rxe4 Qxc6 30. f5 Kf8 31. fxe6 Rb4 32. Re1 fxe6 33. Rxe6
Rxg4 34. Nd5 Rd4 35. c4 Rxc4 36. Bxc4 Qxc4 37. Nf4 g5 38. b3 Qc8 39. Rxe7 Qf5+
40. Kb2 Kxe7 0-1

[Event "5th Budapest Open"]
[Site "Budapest"]
[Date "2015.08.23"]
[Round "9.5"]
[White "Markos, Adam"]
[Black "Evgeny, Gumanny"]
[Result "0-1"]
[WhiteElo "2146"]
[BlackElo "2093"]
[PlyCount "74"]
[EventDate "2014.08.15"]
[EventType "swiss"]
[EventRounds "9"]
[EventCountry "HUN"]

1. e4 c5 2. c4 Nc6 3. Nc3 d6 4. g3 Nf6 5. Bg2 g6 6. Nge2 Bg7 7. O-O O-O 8. d3
Rb8 9. Rb1 a6 10. f4 Nd7 11. a3 b5 12. cxb5 axb5 13. b4 cxb4 14. axb4 Nd4 15.
Be3 Nxe2+ 16. Nxe2 Nb6 17. Nd4 Bd7 18. Rc1 Rc8 19. Qb3 Na4 20. Qd5 Nc3 21. Rxc3
Rxc3 22. Rd1 Qa8 23. Qg5 Bf6 24. Qh6 Qa4 25. Rd2 Qxb4 26. Nf3 Qb1+ 27. Kf2 Rxd3
28. e5 dxe5 29. fxe5 Bg7 30. Qh4 Rxd2+ 31. Bxd2 Re8 32. Ng5 Qf5+ 33. Kg1 h6 34.
Nf3 g5 35. Bxg5 hxg5 36. Nxg5 Rc8 37. Be4 Rc1+ 0-1

[Event "5th Budapest Open"]
[Site "Budapest"]
[Date "2015.08.23"]
[Round "9.6"]
[White "Karacsonyi, Gellert"]
[Black "Brustkern, Juergen"]
[Result "0-1"]
[WhiteElo "2013"]
[BlackElo "2236"]
[PlyCount "120"]
[EventDate "2014.08.15"]
[EventType "swiss"]
[EventRounds "9"]
[EventCountry "HUN"]

1. e4 g6 2. d4 Bg7 3. c4 d6 4. Nc3 Nf6 5. Be2 O-O 6. Bg5 h6 7. Be3 Nbd7 8. Qd2
Kh7 9. f3 e5 10. d5 a5 11. Nh3 Nc5 12. Nf2 Nh5 13. g4 Nf4 14. O-O-O a4 15. h4
Ng2 16. Bxc5 dxc5 17. h5 Nf4 18. Nd3 a3 19. b3 Qe7 20. Qe3 b6 21. Nb5 Bf6 22.
Kb1 Bg5 23. Qf2 gxh5 24. Nxf4 exf4 25. Rxh5 Qe5 26. Bd3 Bd7 27. Rc1 Bxb5 28.
cxb5 Kg7 29. Qc2 f5 30. Qc3 Qxc3 31. Rxc3 fxg4 32. fxg4 f3 33. Rh1 Kf6 34. e5+
Kxe5 35. Bf5 Rae8 36. Rxf3 Kd6 37. Rhf1 Re2 38. R3f2 Re5 39. Kc2 Rxd5 40. Rd1
Rxd1 41. Kxd1 Ke5 42. Re2+ Kf4 43. Be6 Rd8+ 44. Kc2 Kf3 45. Rh2 Rd6 46. Bf5 Rd4
47. Rh3+ Kg2 48. Rd3 Rf4 49. Rd2+ Kg3 50. Re2 h5 51. Re3+ Kh4 52. Re4 Rf2+ 53.
Kc3 Bf6+ 54. Kc4 Kg5 55. b4 Rxa2 56. bxc5 Rc2+ 57. Kb3 a2 58. Ra4 Rb2+ 59. Kc4
Rd2 60. cxb6 cxb6 0-1

[Event "5th Budapest Open"]
[Site "Budapest"]
[Date "2015.08.23"]
[Round "9.7"]
[White "Mester, Attila"]
[Black "Boguszlavszkij, Jevgenyij"]
[Result "0-1"]
[WhiteElo "2025"]
[BlackElo "2199"]
[PlyCount "162"]
[EventDate "2014.08.15"]
[EventType "swiss"]
[EventRounds "9"]
[EventCountry "HUN"]

1. e4 g6 2. d4 Bg7 3. c4 d6 4. Nc3 Nd7 5. Be2 e6 6. Nf3 Ne7 7. O-O b6 8. Re1
Bb7 9. Bf1 O-O 10. Rb1 a6 11. Be3 h6 12. Nd2 Kh7 13. f3 Rc8 14. Rc1 c5 15. Nb3
Qe8 16. d5 e5 17. Nd2 Rb8 18. a3 f5 19. b4 Nf6 20. bxc5 bxc5 21. Rb1 Qd7 22.
Be2 f4 23. Bf2 g5 24. Qa4 Qxa4 25. Nxa4 Ba8 26. Nb6 Rf7 27. Nxa8 Rxa8 28. Rb2
Nc8 29. Reb1 Kg6 30. Bd1 Raa7 31. Ba4 Rfc7 32. Rb8 Ne7 33. Rd8 Nd7 34. Rxd7
Rxd7 35. Bxd7 Rxd7 36. Rb6 Nc8 37. Rxa6 Bf6 38. Kf1 Kf7 39. Ke2 Bd8 40. Kd3 Ke8
41. Nb3 Rg7 42. h3 h5 43. Rc6 Bc7 44. a4 g4 45. hxg4 hxg4 46. fxg4 Kd7 47. Bxc5
Rxg4 48. Bb4 Rg3+ 49. Kc2 Rxg2+ 50. Nd2 f3 51. Kd3 Ne7 52. Ra6 Ng6 53. Ke3 Nh4
54. c5 Re2+ 55. Kd3 Ng2 56. Nxf3 Nf4+ 57. Kc3 Rxe4 58. c6+ Ke7 59. Kb3 Nxd5 60.
Bd2 Rg4 61. Ne1 Ke6 62. Ra8 Rd4 63. Bg5 Rg4 64. Bd2 Rd4 65. Kc2 Rc4+ 66. Kd3
Rxc6 67. a5 Kd7 68. Nf3 Bd8 69. Ke4 Nc7 70. Ra7 Rc4+ 71. Kd3 Ra4 72. Ke2 Kc6
73. a6 e4 74. Ne1 Ra2 75. Kd1 Ra4 76. Ke2 Ra2 77. Kd1 Rxa6 78. Rxa6+ Nxa6 79.
Nc2 Bb6 80. Ke2 Kd5 81. Bc3 Kc4 0-1

[Event "5th Budapest Open"]
[Site "Budapest"]
[Date "2015.08.23"]
[Round "9.8"]
[White "Bulthaupt, Freerk dr"]
[Black "Koczo, Kristof"]
[Result "1-0"]
[WhiteElo "2176"]
[BlackElo "2193"]
[PlyCount "67"]
[EventDate "2014.08.15"]
[EventType "swiss"]
[EventRounds "9"]
[EventCountry "HUN"]

1. d4 d5 2. Nf3 Nf6 3. Bf4 c5 4. e3 Qb6 5. Qc1 Nc6 6. c3 Bf5 7. Be2 e6 8. O-O
h6 9. Rd1 c4 10. Nbd2 Na5 11. Ne5 Be7 12. h3 Ne4 13. Nxe4 Bxe4 14. f3 Bh7 15.
Ng4 h5 16. Nf2 g5 17. Bh2 O-O-O 18. Re1 f5 19. Bd1 Qc6 20. b4 cxb3 21. axb3 Qb6
22. Qb2 Nc6 23. Qa2 Rdg8 24. b4 g4 25. Bf4 gxh3 26. Nxh3 Rg7 27. b5 Qxb5 28.
Be2 Qb6 29. Reb1 Qd8 30. Rxb7 e5 31. Qa6 Nb8 32. Rxb8+ Kxb8 33. Rb1+ Kc7 34.
Rb7+ 1-0

[Event "5th Budapest Open"]
[Site "Budapest"]
[Date "2015.08.23"]
[Round "9.9"]
[White "Vargyas, Zoltan"]
[Black "Csapo, Zoltan"]
[Result "1/2-1/2"]
[WhiteElo "2089"]
[BlackElo "1993"]
[PlyCount "107"]
[EventDate "2014.08.15"]
[EventType "swiss"]
[EventRounds "9"]
[EventCountry "HUN"]

1. e4 e5 2. Nf3 Nc6 3. Bb5 Nge7 4. O-O Ng6 5. c3 a6 6. Bc4 Be7 7. d4 d6 8. Be3
O-O 9. Nbd2 Kh8 10. Qc2 f5 11. exf5 Bxf5 12. Bd3 Bxd3 13. Qxd3 Nf4 14. Bxf4
Rxf4 15. d5 Nb8 16. g3 Rf8 17. Ne4 Nd7 18. Kg2 h6 19. h4 Qe8 20. Rh1 Qg6 21.
Nfg5 Nf6 22. Rad1 Nxe4 23. Qxe4 Rf5 24. Rde1 Bxg5 25. g4 Rf6 26. Qxg6 Rxg6 27.
hxg5 Rxg5 28. Re4 Rf8 29. Kg3 Rg6 30. Rc4 Rf7 31. f3 Rgf6 32. Rf1 Rf4 33. Rb4
b6 34. a3 e4 35. Rc4 Rxf3+ 36. Rxf3 exf3 37. Kf2 Kh7 38. a4 a5 39. b4 Kg6 40.
bxa5 bxa5 41. Re4 Kg5 42. c4 g6 43. c5 dxc5 44. Rc4 h5 45. gxh5 Kxh5 46. Rxc5
g5 47. Rxa5 Kh4 48. Ra8 g4 49. Rh8+ Kg5 50. Rg8+ Kf4 51. a5 Rf6 52. Rg7 Kf5 53.
Rxc7 Ke5 54. Rg7 1/2-1/2

[Event "5th Budapest Open"]
[Site "Budapest"]
[Date "2015.08.23"]
[Round "9.10"]
[White "Zoldy, Robert"]
[Black "Bakk, Zoltan"]
[Result "0-1"]
[WhiteElo "1978"]
[BlackElo "2051"]
[PlyCount "64"]
[EventDate "2014.08.15"]
[EventType "swiss"]
[EventRounds "9"]
[EventCountry "HUN"]

1. f4 d5 2. Nf3 Bg4 3. Ne5 Bh5 4. g3 Nd7 5. Bg2 Nxe5 6. fxe5 e6 7. c4 c6 8. Qb3
Qb6 9. e3 f6 10. d4 fxe5 11. dxe5 Nh6 12. cxd5 exd5 13. e4 Qxb3 14. axb3 Bc5
15. Rf1 dxe4 16. Bxh6 gxh6 17. Bxe4 O-O-O 18. Bf5+ Kb8 19. g4 Bf7 20. Nd2 Rhe8
21. O-O-O Be3 22. Kc2 Bxd2 23. Rxd2 Bxb3+ 24. Kxb3 Rxd2 25. e6 Rxh2 26. Rd1 Re7
27. Rd8+ Kc7 28. Rf8 Kd6 29. Rd8+ Ke5 30. Kc3 Rf2 31. Rf8 h5 32. Rf7 Kd6 0-1

[Event "5th Budapest Open"]
[Site "Budapest"]
[Date "2015.08.23"]
[Round "9.11"]
[White "Cruz Guerra, Samuel"]
[Black "Balogh, Lajos"]
[Result "0-1"]
[WhiteElo "1904"]
[BlackElo "2018"]
[PlyCount "122"]
[EventDate "2014.08.15"]
[EventType "swiss"]
[EventRounds "9"]
[EventCountry "HUN"]

1. e4 g6 2. d4 Bg7 3. Nc3 c6 4. Be3 d5 5. e5 h5 6. Qd2 Nh6 7. f3 Be6 8. O-O-O
Nd7 9. Nge2 Nb6 10. Nf4 Bf5 11. h3 h4 12. Bf2 e6 13. Qe1 Ng8 14. g4 hxg3 15.
Bxg3 Bh6 16. Kb1 Bg5 17. h4 Be7 18. h5 g5 19. Ng2 Bb4 20. Qe3 Nh6 21. Be1 Be7
22. Bd2 Qc7 23. Bd3 O-O-O 24. Ne2 c5 25. Ng3 cxd4 26. Qe2 Bh7 27. f4 gxf4 28.
Bxf4 Bxd3 29. cxd3 Kb8 30. Rc1 Qd7 31. Nh4 Qb5 32. Nf3 Bc5 33. Bg5 Rc8 34. Bf6
Rhg8 35. Bg5 Na4 36. Bxh6 Rxg3 37. Ka1 Rxf3 38. b3 Re3 39. bxa4 Qxd3 40. Qxd3
Rxd3 41. Bg7 Rg3 42. h6 d3 43. h7 d2 44. Rxc5 Rxc5 45. h8=Q+ Rc8 46. Qh2 Rd3
47. Kb2 d1=Q 48. Rxd1 Rxd1 49. Qe2 Rg1 50. Bf6 Rcg8 51. Kc3 R1g3+ 52. Kb4 R8g4+
53. Kc5 Kc7 54. Kb5 Rc4 55. Bd8+ Kxd8 56. Qh5 Ke7 57. Qh8 Rf3 58. Qb8 Rfc3 59.
Qd6+ Ke8 60. Qb8+ Rc8 61. Qd6 R3c6 0-1

[Event "5th Budapest Open"]
[Site "Budapest"]
[Date "2015.08.23"]
[Round "9.12"]
[White "Bensaid, Simon"]
[Black "Kozma, Gabor"]
[Result "0-1"]
[WhiteElo "1924"]
[BlackElo "2008"]
[PlyCount "70"]
[EventDate "2014.08.15"]
[EventType "swiss"]
[EventRounds "9"]
[EventCountry "HUN"]

1. e4 c5 2. Nf3 d6 3. d4 cxd4 4. Nxd4 Nf6 5. Nc3 a6 6. Bg5 e6 7. f4 b5 8. e5
dxe5 9. fxe5 Qc7 10. Bf4 Nfd7 11. Qe2 Bb4 12. Qe3 Bb7 13. Be2 O-O 14. O-O Bc5
15. Ne4 Bxe4 16. Qxe4 Nc6 17. c3 Ncxe5 18. Kh1 Bd6 19. Rad1 Nf6 20. Qb1 Nd5 21.
Bf3 Nxf3 22. Bxd6 Qxd6 23. Rxf3 Rad8 24. Rdf1 Ne7 25. Qe4 Ng6 26. Qc6 Qxc6 27.
Nxc6 Rd6 28. Nd4 e5 29. Nf5 Rd2 30. R3f2 Rfd8 31. Ne3 R8d3 32. Rxd2 Rxd2 33.
Nd1 Nf4 34. g3 Nd3 35. b3 Rxd1 0-1

[Event "5th Budapest Open"]
[Site "Budapest"]
[Date "2015.08.23"]
[Round "9.13"]
[White "Heyl, Thomas"]
[Black "Blazquez Criado, Sergio"]
[Result "1/2-1/2"]
[WhiteElo "1986"]
[BlackElo "1882"]
[PlyCount "121"]
[EventDate "2014.08.15"]
[EventType "swiss"]
[EventRounds "9"]
[EventCountry "HUN"]

1. c4 e5 2. g3 Nc6 3. Nc3 Bb4 4. Nd5 Be7 5. Bg2 d6 6. d3 f5 7. e3 Nf6 8. Ne2
O-O 9. O-O Nxd5 10. cxd5 Nb8 11. Bd2 Na6 12. b4 Bf6 13. Rc1 Bd7 14. Qb3 Qe8 15.
Rfe1 Rc8 16. d4 e4 17. Nc3 h5 18. b5 Nb8 19. a4 h4 20. a5 Bd8 21. Bf1 Rf6 22.
Qd1 Rh6 23. Bc4 Qg6 24. Kg2 Qh7 25. Rh1 Be8 26. Be2 Nd7 27. f4 Nf6 28. Qg1 Bf7
29. Kf2 Bh5 30. Bxh5 Rxh5 31. Ke2 c6 32. dxc6 bxc6 33. bxc6 Rxc6 34. Nd5 Rxc1
35. Nxf6+ Bxf6 36. Bxc1 hxg3 37. Qxg3 Rh3 38. Qg2 Qh5+ 39. Kd2 Rf3 40. Kc3 Qf7
41. Qe2 d5 42. Qb5 Kh7 43. Qc6 Bd8 44. a6 Ba5+ 45. Kb3 Qe7 46. Qb7 Qd6 47. Rg1
Qb6+ 48. Ka4 Qc7 49. Qxd5 Rf2 50. Qxf5+ Kg8 51. Qe6+ Kh7 52. Qxe4+ Kh8 53. Qe8+
Kh7 54. Qh5+ Kg8 55. Qd5+ Kh8 56. Ba3 Bd2 57. Bc5 Qa5+ 58. Kb3 Qb5+ 59. Ka3
Qa5+ 60. Kb3 Qc3+ 61. Ka4 1/2-1/2

[Event "5th Budapest Open"]
[Site "Budapest"]
[Date "2015.08.23"]
[Round "9.14"]
[White "Rabovszky, Gyorgy"]
[Black "Trajber, Csaba dr"]
[Result "1/2-1/2"]
[WhiteElo "1886"]
[BlackElo "2056"]
[PlyCount "120"]
[EventDate "2014.08.15"]
[EventType "swiss"]
[EventRounds "9"]
[EventCountry "HUN"]

1. e4 c5 2. Nc3 a6 3. Nf3 b5 4. d4 cxd4 5. Nxd4 e6 6. Be3 Bb7 7. Bd3 Nf6 8. e5
Nd5 9. Nxd5 Bxd5 10. Qg4 Qc7 11. f4 Nc6 12. O-O g6 13. c3 d6 14. exd6 Bxd6 15.
a4 Bc4 16. Bxc4 bxc4 17. Nxc6 Qxc6 18. Bd4 Bc5 19. Qf3 Bxd4+ 20. cxd4 Qd5 21.
Qxd5 exd5 22. Rfe1+ Kd7 23. Re5 Kd6 24. Rae1 Ra7 25. f5 Rb8 26. fxg6 hxg6 27.
R5e2 Rab7 28. Rf2 f5 29. Rfe2 Rxb2 30. Re6+ Kc7 31. a5 c3 32. Re7+ Kc6 33.
R1e6+ Kb5 34. Rc7 Kxa5 35. Rxc3 Rd2 36. Rc5+ Rb5 37. Rxg6 Rxd4 38. Rcc6 Kb4 39.
Rxa6 Kc4 40. Ra4+ Kc5 41. Rxd4 Kxd4 42. h4 Ke4 43. h5 d4 44. h6 f4 45. h7 Rh5
46. Rg7 Ke3 47. Re7+ Kd2 48. Kf2 d3 49. Kf3 Rh4 50. Ra7 Kc1 51. Rc7+ Kd1 52.
Ra7 Ke1 53. Ra1+ Kd2 54. Ra7 Kd1 55. Ra1+ Kc2 56. Ra2+ Kc1 57. Ra1+ Kb2 58. Ra7
Kc2 59. Ra2+ Kb3 60. Ra7 Kc3 1/2-1/2

[Event "5th Budapest Open"]
[Site "Budapest"]
[Date "2015.08.23"]
[Round "9.15"]
[White "Ongut, Tamas Gunes"]
[Black "Palla, Akos Botond"]
[Result "1-0"]
[WhiteElo "1883"]
[BlackElo "2064"]
[PlyCount "103"]
[EventDate "2014.08.15"]
[EventType "swiss"]
[EventRounds "9"]
[EventCountry "HUN"]

1. e4 c5 2. Nf3 d6 3. Bb5+ Bd7 4. Bxd7+ Qxd7 5. O-O Nc6 6. Re1 Nf6 7. c3 e6 8.
d4 d5 9. e5 Ne4 10. Ng5 Nxg5 11. Bxg5 h6 12. Be3 b6 13. a3 c4 14. Nd2 Na5 15.
f4 Be7 16. Qf3 O-O-O 17. Reb1 f5 18. a4 g5 19. g3 g4 20. Qe2 Qc6 21. b3 cxb3
22. Nxb3 Nc4 23. a5 Kd7 24. axb6 axb6 25. Nd2 Nxd2 26. Bxd2 Ra8 27. Ra6 Rhb8
28. Rba1 Kc7 29. Qd3 Rxa6 30. Qxa6 Qb7 31. Kf2 h5 32. Qb5 Ra8 33. Rb1 Ra5 34.
Qe8 Bd8 35. Qxe6 Ra2 36. Ke3 Qc6 37. Qxf5 Qa4 38. Qf7+ Kc8 39. Qe6+ Qd7 40.
Qxd7+ Kxd7 41. Kd3 Ke6 42. h3 Kf5 43. h4 Ke6 44. Rb5 Ra1 45. f5+ Kxf5 46. Rxd5
Be7 47. Rd7 Ke6 48. Rb7 Rf1 49. Rxb6+ Kf5 50. Rb7 Rf3+ 51. Be3 Ke6 52. Ke4 1-0